Bases bibliográficas para la historia de la educación canaria / (Record no. 182790)

MARC details
000 -LEADER
campo de control de longitud fija 00664nam a2200169 i 4500
001 - NÚMERO DE CONTROL
campo de control 182790
003 - IDENTIFICADOR DE NÚMERO DE CONTROL
campo de control ES-MaACL
005 - FECHA Y HORA DE LA ÚLTIMA TRANSACCIÓN
campo de control 20230906221718.0
008 - DATOS DE LONGITUD FIJA--INFORMACIÓN GENERAL
campo de control de longitud fija 131031s1982 sp |||| | spa d
100 1# - ENTRADA PRINCIPAL--NOMBRE DE PERSONA
Nombre de persona Negrín Fajardo, Olegario.
9 (RLIN) 85310
245 10 - MENCIÓN DEL TÍTULO
Título Bases bibliográficas para la historia de la educación canaria /
Mención de responsabilidad, etc. Olegario Negrín Fajardo.
260 ## - PUBLICACIÓN, DISTRIBUCIÓN, ETC.
Lugar de publicación, distribución, etc. [Santa Cruz de Tenerife :
Nombre del editor, distribuidor, etc. Aula de Cultura del Excmo. Ayuntamiento,
Fecha de publicación, distribución, etc. 1982.
300 ## - DESCRIPCIÓN FÍSICA
Extensión P. 667-691 ;
Dimensiones 24 cm.
500 ## - NOTA GENERAL
Nota general Separata de: Homenaje a Alfonso Trujillo.
650 #4 - PUNTO DE ACCESO ADICIONAL DE MATERIA--TÉRMINO DE MATERIA
Término de materia o nombre geográfico como elemento de entrada Enseñanza-
Subdivisión geográfica Canarias-
Subdivisión de forma Bibliografías.
9 (RLIN) 153771
852 ## - LOCALIZACIÓN
Ubicación ES-MaACL
Número de control de estantería 2329-F-6
Nota libre .- Dedicatoria manuscrita del autor
Holdings
Estatus retirado Estado de pérdida Estado de daño No para préstamo Colección Biblioteca de origen Biblioteca actual Ubicación en estantería Fecha de adquisición Fuente de adquisición Total de préstamos Signatura topográfica completa Código de barras Visto por última vez Precio de reemplazo Tipo de ítem Koha
        Colección de folletos Biblioteca del Ateneo de Madrid Biblioteca del Ateneo de Madrid Depósito folletos 04/11/2013     2329-F-6 1192105 23/02/2023 23/02/2023 Folleto